| 000 | 00864nam a2200229Ia 4500 | ||
|---|---|---|---|
| 001 | 17677 | ||
| 003 | GE_BSU | ||
| 008 | 181216s||||||||xx |||||||||||||| ||und|| | ||
| 040 | _cGE_BSU | ||
| 080 | _a658.562(035.5) | ||
| 100 | _aАбаджи,К.И. Бойцов,А.Н. Волсевич,Ф.П. и др. | ||
| 245 | _aСправочник по производственному контролю в машиностроении. | ||
| 245 | _cПод общей ред. А.К.Кутая, ред. М.Л.Бржезинский. | ||
| 250 | _aИзд. 2-ое, перер. и допол. | ||
| 260 | _aМ. | ||
| 260 | _bМашгиз. | ||
| 260 | _c1963. | ||
| 300 | _a748 стр. с илл. 22 см. | ||
| 300 | _eТабл. | ||
| 653 | _aСправочник по производственному контролю в машиностроении. | ||
| 942 | _cBK | ||
| 999 |
_c50725 _d50725 |
||